| 000 | 01291cam a22003497a 4500 | ||
|---|---|---|---|
| 003 | CHAP | ||
| 005 | 20220329141146.0 | ||
| 008 | 971010s1988 r 00010 d | ||
| 010 | _a63594 | ||
| 011 | _a64566 | ||
| 035 | _a70252 | ||
| 040 | _cCHAP | ||
| 090 | _aTesis | ||
| 100 | 0 | 0 |
_aAngel López, Samuel de. _95754 |
| 245 | 1 | 3 |
_aLa participación de los productores en la planeación y desarrollo de proyectos productivos _b: un caso específico la UCATI. Momax, Zac. |
| 260 |
_aChapingo, Méx. : _bEl autor, _c1988 |
||
| 300 |
_a65 h. _b: ilus. ; mapas |
||
| 502 | _aTesis (Ing. Agr. Esp. en Sociología Rural) -- UACH. Departamento de Sociología Rural | ||
| 590 |
_aALEPH _b10 _c20130110 _lUCH01 _h1346 |
||
| 590 |
_aBATCH-UPD _b10 _c20130110 _lUCH01 _h0701 |
||
| 590 |
_aBATCH-UPD _b10 _c20130110 _lUCH01 _h2321 |
||
| 590 |
_aBATCH-UPD _b10 _c20130410 _lUCH01 _h0346 |
||
| 590 |
_aBATCH-UPD _b10 _c20130914 _lUCH01 _h0331 |
||
| 590 |
_aCONVERSION _b10 _c20130109 _lUCH01 _h1334 |
||
| 650 | 1 | 4 |
_aCrédito agrícola _xZacatecas. _929086 |
| 650 | 1 | 4 |
_aDesarrollo de la comunidad rural _xZacatecas. _932033 |
| 650 | 1 | 4 |
_aUniones de crédito. _9116203 |
| 901 | _aBK | ||
| 942 | _cFOLL | ||
| 949 |
_bBC _cTES _d-2509 _eTS1 _h22267 _i70252 _si |
||
| 949 |
_bBC _cTES _d-66959 _eTS2 _fc.2 _h22268 _i70252 _si |
||
| 999 |
_c63594 _d63594 |
||